| 000 | 00735cam a2200157 4500500 | ||
|---|---|---|---|
| 005 | 20251012005805.0 | ||
| 041 | _afre | ||
| 042 | _adc | ||
| 100 | 1 | 0 |
_aVandescotte, Jonathan _eauthor |
| 700 | 1 | 0 |
_a Debailleul, Corentin _eauthor |
| 245 | 0 | 0 | _aJonathan Durand Folco y Jonathan Martineau – Le capital algorithmique. Accumulation, pouvoir et résistance à l’ère de l’intelligence artificielle, Montréal, Écosociétés, 2023 (Collection Théorie). 492 p. |
| 260 | _c2025. | ||
| 500 | _a79 | ||
| 786 | 0 | _nRevue française de science politique | 74 | 4 | 2025-07-04 | p. 769-770 | 0035-2950 | |
| 856 | 4 | 1 | _uhttps://shs.cairn.info/revista-revue-francaise-de-science-politique-2024-4-page-769?lang=es&redirect-ssocas=7080 |
| 999 |
_c1518062 _d1518062 |
||